01198nam a2200301 a 4500001001200000003000800012006001900020007001500039008004100054010001700095020003100112020002800143040002100171035002100192050002500213082001700238100001900255245008600274260005900360300002500419504006600444533015200510650002400662650003800686655002900724710001700753856012600770ebr10254956CaPaEBRm u cr cn|||||||||080407s2008 enka sb 001 0 eng  z 2008015661 z9780566088070 (alk. paper) z056608807X (alk. paper) aCaPaEBRcCaPaEBR a(OCoLC)64676782614aHD69.P75bO24 2008eb04a658.4/042221 aOakes, Graham.10aProject reviews, assurance and governanceh[electronic resource] /cGraham Oakes. aAldershot, England ;aBurlington, VT :bGower,cc2008. aviii, 269 p. :bill. aIncludes bibliographical references (p. [259]-261) and index. aElectronic reproduction.bPalo Alto, Calif. :cebrary,d2013.nAvailable via World Wide Web.nAccess may be limited to ebrary affiliated libraries. 0aProject management. 0aProject managementvCase studies. 7aElectronic books.2local2 aebrary, Inc.40uhttp://site.ebrary.com/lib/rucke/Doc?id=10254956zAn electronic book accessible through the World Wide Web; click to view